La parentalité : un concept pluriel dans un monde en mutation (notice n° 1856754)

détails MARC
000 -LEADER
fixed length control field 02128cam a2200193 4500500
005 - DATE AND TIME OF LATEST TRANSACTION
control field 20260329010859.0
041 ## - LANGUAGE CODE
Language code of text/sound track or separate title fre
042 ## - AUTHENTICATION CODE
Authentication code dc
100 10 - MAIN ENTRY--PERSONAL NAME
Personal name Her, Thomas
Relator term author
245 00 - TITLE STATEMENT
Title La parentalité : un concept pluriel dans un monde en mutation
260 ## - PUBLICATION, DISTRIBUTION, ETC.
Date of publication, distribution, etc. 2026.<br/>
500 ## - GENERAL NOTE
General note 95
520 ## - SUMMARY, ETC.
Summary, etc. Cet article analyse les enjeux méthodologiques et éthiques de l’approche interprétative, sur les terrains difficiles en particulier, à partir de deux expériences de recherche menées en Russie avant et après l’invasion de l’Ukraine à grande échelle en 2022. Appuyé sur une enquête menée au Daghestan (2013-2016) et une autre réalisée à Moscou et dans plusieurs lieux d’émigration des syndicalistes indépendants (2023-2024), le texte propose un retour réflexif sur la notion de danger, les ajustements méthodologiques et l’influence des statuts et appartenances de la chercheuse, ainsi que sur les dilemmes associés à la diffusion des résultats entre transparence scientifique, respect de l’agentivité et protection des enquêtés.
520 ## - SUMMARY, ETC.
Summary, etc. This article examines the methodological and ethical challenges of the interpretive approach through two research projects conducted in Russia before and after the full-scale invasion of Ukraine in 2022, situated within broader debates on challenging fieldwork. Drawing on one study carried out in Dagestan (2013–2016) and another conducted with independent trade union activists (2023–2024) in Moscow and in several countries of their emigration, it offers a reflexive discussion of the notion of danger, the methodological adjustments made during fieldwork, and the researcher’s statuses and positionalities. It outlines the dilemmas involved in disseminating research findings amid the competing demands of scientific transparency, respect for agency, and the protection of research participants.
700 10 - ADDED ENTRY--PERSONAL NAME
Personal name Licu, Alexandra
Relator term author
700 10 - ADDED ENTRY--PERSONAL NAME
Personal name Vilhem, Steve
Relator term author
786 0# - DATA SOURCE ENTRY
Note Dossiers Cairn | - | 12 | 2026-02-25 | p. 1-1
856 41 - ELECTRONIC LOCATION AND ACCESS
Uniform Resource Identifier <a href="https://shs.cairn.info/dossier-2025-83-page-1?lang=fr&redirect-ssocas=7080">https://shs.cairn.info/dossier-2025-83-page-1?lang=fr&redirect-ssocas=7080</a>

Pas d'exemplaire disponible.

PLUDOC

PLUDOC est la plateforme unique et centralisée de gestion des bibliothèques physiques et numériques de Guinée administré par le CEDUST. Elle est la plus grande base de données de ressources documentaires pour les Étudiants, Enseignants chercheurs et Chercheurs de Guinée.

Adresse

627 919 101/664 919 101

25 boulevard du commerce
Kaloum, Conakry, Guinée

Réseaux sociaux

Powered by Netsen Group @ 2025